000 00575nam a22002177a 4500
003 UA-OsUOA
001 70711
007 ta
008 20100913b un ||||| |||| 00| 0 ukr d
100 _aПагутяк Г.
090 _a82
_bП12
942 _cSA
040 _aUA-OsUOA
_bukr
_cUA-OsUOA
_dUA-OsUOA
245 _aМикола Жулинський в образі Чеширського кота
300 _aС.33-35
955 _a0
041 _aukr
080 _a82
773 0 _w70710
650 7 _a82 Література. Літературознавство
_2UDC
999 _c356984
_d356984